000 00196 a2200097 4500
001 929
100 _aGavin,M.R
245 _aPrinciples of electronics
260 _a
_bE.U.P
_c
090 _c519
_d519
942 _aNUST-CAE
_cM
_c31589
999 _c236002
_d236002